| 000 | 00913nam a2200289 i 4500 | ||
|---|---|---|---|
| 001 | 000008736 | ||
| 003 | DO-SdBNP | ||
| 005 | 20250620094510.0 | ||
| 007 | ta | ||
| 008 | 090918s1998 dr r 000 0 spa d | ||
| 040 |
_aDO-SdBNP _bspa _cBNPHU _erda |
||
| 041 | _aspa | ||
| 082 | 4 |
_aRD860.9 _bB171s, 1998 _222 |
|
| 100 | 1 |
_a Balaguer, Joaquín, _d1906-2002 _eautor _4aut. _976556 |
|
| 245 | 1 | 0 |
_aSemblanzas literarias / _cJoaquín Balaguer. |
| 250 | _aCuarta edición | ||
| 264 |
_aSanto Domingo : _bEditorial de la Cruz Aybar, _c1998. |
||
| 300 |
_a325 páginas ; _c23 cm. |
||
| 336 |
_atexto _btxt _2rdacontent |
||
| 337 |
_asin mediación _bn _2rdamedia |
||
| 338 |
_avolumen _bnc _2rdacarrier |
||
| 504 | _aBibliografía : páginas 311-318 | ||
| 590 | _aInventariado, 2018/BT | ||
| 650 | 4 |
_aLiteratura dominicana _xHistoria y crítica _9159 |
|
| 910 | _aValidado. Control de calidad. MFF | ||
| 942 |
_2ddc _cLBS1 |
||
| 999 |
_c8506 _d8506 |
||